Rogue Valley International–Medford Destinations (Medford, OR, USA) - Statistics

General Stats
  • This quiz has been taken 49 times
    14 since last reset
  • The average score is 10 of 10
Answer Stats
Airline Destination % Correct
Allegiant Air Las Vegas
100%
Alaska Airlines Los Angeles
100%
Alaska Airlines Portland (OR)
100%
Delta Connection Salt Lake City
100%
Alaska Airlines San Diego
100%
United Airlines/United Express San Francisco
100%
Alaska Airlines/Delta Connection Seattle/Tacoma
100%
United Airlines/United Express Denver
92%
American Eagle Phoenix (Sky Harbor)
92%
Allegiant Air Orange County
77%
No matching quizzes found
Score Distribution
Percent of People with Each Score
Percentile by Number Answered
Your Score History
You have not taken this quiz since the last reset